From Jane Austen to Joseph Conrad ; essays collected in memory of James T. Hillhouse /

Bibliographic Details
Main Author: Rathburn, Robert C.
Other Authors: Steinmann, Martin, 1915-1998
Format: Book
Language:English
Published: Minneapolis : University of Minnesota Press, 1958.
Subjects:

MARC

Tag First Indicator Second Indicator Subfields
LEADER 00000cam a2200000 4500
001 in00000022172
005 20151007063906.0
008 720310s1958 mnu 01010 eng u
010 |a  58059589  
035 |a (OCoLC)00261163 
035 |9 AAD8520AM 
040 |c MRC  |d TXA  |d UtOrBLW 
049 |a TXAM  |c [305527] 
090 |a PR863  |b .R3 
092 |a 823.09  |b R234f 
100 1 |a Rathburn, Robert C. 
245 1 0 |a From Jane Austen to Joseph Conrad ;  |b essays collected in memory of James T. Hillhouse /  |c Edited by Robert C. Rathburn and Martin Steinmann, Jr. 
264 1 |a Minneapolis :  |b University of Minnesota Press,  |c 1958. 
300 |a xii, 326 pages 
336 |a text  |b txt  |2 rdacontent 
337 |a unmediated  |b n  |2 rdamedia 
338 |a volume  |b nc  |2 rdacarrier 
600 1 0 |a Hillhouse, James Theodore,  |d 1890-1956. 
650 0 |a English fiction  |y 19th century  |x History and criticism. 
650 0 |a Festschriften. 
700 1 |a Steinmann, Martin,  |d 1915-1998. 
999 |a MARS 
999 f f |s 68b39d2b-504d-3788-acd9-90af871a2496  |i 108c6afb-56e8-3096-a64f-fc387b5bcf57  |t 0 
952 f f |p normal  |a Texas A&M University  |b College Station  |c Sterling C. Evans Library  |d Evans: Library Stacks  |t 0  |e PR863 .R3  |h Library of Congress classification  |i unmediated -- volume  |m A14801335722 
998 f f |a PR863 .R3  |t 0  |l Evans: Library Stacks